[Event "43. Olimpiada Batumi 2018 Femenina"]
[Site "Batumi GEO"]
[Date "2018.09.25"]
[Round "2.3"]
[White "Malillo, Phera"]
[Black "Qin, Nicole Shu Yu"]
[Result "0-1"]
[WhiteElo "1350"]
[BlackElo "1790"]
[PlyCount "84"]
[EventDate "2018.09.24"]
[EventType "team-swiss"]
[EventRounds "11"]
[EventCountry "GEO"]
[SourceTitle "Ajedrez en Madrid"]
[Source "lmi"]
[SourceDate "2018.09.24"]
[WhiteTeam "Lesotho"]
[BlackTeam "New Zealand"]
[WhiteTeamCountry "LES"]
[BlackTeamCountry "NZL"]

1. e4 e6 2. d4 d5 3. Nc3 Bb4 4. Bd3 c5 5. Bb5+ Nc6 6. Bxc6+ bxc6 7. e5 Ne7 8.
Nge2 Qc7 9. O-O Ba6 10. f4 cxd4 11. Na4 c5 12. Rf2 Nf5 13. a3 Ba5 14. Nxc5 Bxe2
15. Qxe2 Qxc5 16. b4 Bxb4 17. axb4 Qxb4 18. Bd2 Qb7 19. Rd1 O-O 20. Qd3 Qb6 21.
g4 Ne7 22. f5 f6 23. exf6 Rxf6 24. Bg5 Rf7 25. Bxe7 Rxe7 26. fxe6 Qxe6 27. Qxd4
Rd8 28. c4 Red7 29. Rc1 Rc8 30. Rd2 a5 31. Rc3 Rf8 32. Re3 Qa6 33. Re1 Rfd8 34.
Rf2 Qxc4 35. Qxc4 dxc4 36. Ra2 Rd1 37. Rxd1 Rxd1+ 38. Kf2 c3 39. Rc2 Rd2+ 40.
Rxd2 cxd2 41. Ke2 Kf7 42. Kxd2 Kf6 0-1

[Event "43. Olimpiada Batumi 2018 Femenina"]
[Site "Batumi GEO"]
[Date "2018.09.25"]
[Round "2.4"]
[White "Qin, Joy Shu Yan"]
[Black "McPherson, Naleli"]
[Result "1-0"]
[WhiteElo "1727"]
[BlackElo "1267"]
[PlyCount "57"]
[EventDate "2018.09.24"]
[EventType "team-swiss"]
[EventRounds "11"]
[EventCountry "GEO"]
[SourceTitle "Ajedrez en Madrid"]
[Source "lmi"]
[SourceDate "2018.09.24"]
[WhiteTeam "New Zealand"]
[BlackTeam "Lesotho"]
[WhiteTeamCountry "NZL"]
[BlackTeamCountry "LES"]

1. e4 c6 2. d4 d5 3. exd5 cxd5 4. c4 Nf6 5. Nc3 Bf5 6. Nf3 e6 7. Bd3 Bxd3 8.
Qxd3 Be7 9. O-O O-O 10. h3 Nc6 11. Be3 Qc7 12. Nb5 Qc8 13. a3 Na5 14. cxd5 Nxd5
15. Rac1 Qd8 16. Bd2 Qb6 17. Rc2 Rfc8 18. Rfc1 Rxc2 19. Rxc2 a6 20. Nc3 Rd8 21.
Ne5 Nxc3 22. Bxc3 Bf6 23. Nf3 Nc6 24. Qe4 Nxd4 25. Nxd4 Bxd4 26. Bxd4 Qb3 27.
Qg4 f6 28. Bxf6 Rd7 29. Rc8+ 1-0

[Event "43. Olimpiada Batumi 2018 Femenina"]
[Site "Batumi GEO"]
[Date "2018.09.25"]
[Round "2.1"]
[White "Agbazue, Precious"]
[Black "Varona-Thomas, Maria"]
[Result "1/2-1/2"]
[WhiteElo "1902"]
[BlackElo "1739"]
[PlyCount "94"]
[EventDate "2018.09.24"]
[EventType "team-swiss"]
[EventRounds "11"]
[EventCountry "GEO"]
[SourceTitle "Ajedrez en Madrid"]
[Source "lmi"]
[SourceDate "2018.09.24"]
[WhiteTeam "Nigeria"]
[BlackTeam "Guyana"]
[WhiteTeamCountry "NGR"]
[BlackTeamCountry "GUY"]

1. e4 c5 2. Nf3 d6 3. d4 cxd4 4. Nxd4 Nf6 5. Nc3 a6 6. Be3 g6 7. f3 Bg7 8. Qd2
O-O 9. g4 Nc6 10. Be2 Ne5 11. Bh6 b5 12. a4 Nc4 13. Bxc4 bxc4 14. Bxg7 Kxg7 15.
h4 h5 16. gxh5 Nxh5 17. Nde2 Qa5 18. Qd4+ Qe5 19. Qxe5+ dxe5 20. Rf1 e6 21. f4
exf4 22. Nxf4 Nxf4 23. Rxf4 e5 24. Rf1 Rh8 25. Rh1 Rb8 26. O-O-O Rb6 27. Rdg1
Be6 28. h5 Rh6 29. hxg6 Rxh1 30. Rxh1 fxg6 31. Ne2 Bg4 32. Ng3 Rf6 33. Rg1 Kf7
34. Kd2 Be6 35. Ke3 Ke7 36. Rd1 Bg4 37. Rf1 Rb6 38. Rb1 Be6 39. Ne2 Kd7 40. Nc3
Rc6 41. Nd5 Bxd5 42. exd5 Rc5 43. Ke4 Rb5 44. Kxe5 g5 45. b3 cxb3 46. cxb3 g4
47. b4 a5 1/2-1/2

[Event "43. Olimpiada Batumi 2018 Femenina"]
[Site "Batumi GEO"]
[Date "2018.09.25"]
[Round "2.2"]
[White "Ali, Sheriffa"]
[Black "Assa, Oluwaseun"]
[Result "0-1"]
[WhiteElo "1365"]
[BlackElo "1881"]
[PlyCount "112"]
[EventDate "2018.09.24"]
[EventType "team-swiss"]
[EventRounds "11"]
[EventCountry "GEO"]
[SourceTitle "Ajedrez en Madrid"]
[Source "lmi"]
[SourceDate "2018.09.24"]
[WhiteTeam "Guyana"]
[BlackTeam "Nigeria"]
[WhiteTeamCountry "GUY"]
[BlackTeamCountry "NGR"]

1. e4 e5 2. Nf3 d6 3. Nc3 Nf6 4. d3 Be7 5. Be2 Be6 6. O-O Nc6 7. Be3 h6 8. h3
O-O 9. d4 exd4 10. Nxd4 Bd7 11. Bc4 Nxd4 12. Bxd4 Bc6 13. Bd5 Nxd5 14. Nxd5
Bxd5 15. exd5 Bf6 16. Re1 a6 17. Rb1 Bxd4 18. Qxd4 Qd7 19. b3 f5 20. Re6 Rae8
21. Rbe1 Rxe6 22. Rxe6 Re8 23. Rxe8+ Qxe8 24. Kf1 Qb5+ 25. Kg1 Qe2 26. Qd3 Qxd3
27. cxd3 f4 28. Kf1 Kf7 29. Ke2 Kf6 30. d4 Kf5 31. f3 g5 32. g4+ fxg3 33. Ke3
h5 34. a3 g2 35. Kf2 Kf4 36. Kxg2 Ke3 37. Kg3 c6 38. dxc6 bxc6 39. b4 Kxd4 40.
h4 gxh4+ 41. Kxh4 Ke3 42. Kg3 h4+ 43. Kg4 h3 44. Kxh3 Kxf3 45. Kh2 d5 46. Kg1
Ke2 47. Kg2 d4 48. a4 d3 49. a5 d2 50. Kg3 d1=Q 51. Kf4 Qd5 52. b5 cxb5 53. Kg3
Qe4 54. Kh2 Qg6 55. Kh3 Kf3 56. Kh4 Qg4# 0-1

[Event "43. Olimpiada Batumi 2018 Femenina"]
[Site "Batumi GEO"]
[Date "2018.09.25"]
[Round "2.3"]
[White "Chukwuemeka-Ehirim, Chinyere"]
[Black "Johnson, Nellisha"]
[Result "1-0"]
[WhiteElo "1871"]
[BlackElo "1123"]
[PlyCount "99"]
[EventDate "2018.09.24"]
[EventType "team-swiss"]
[EventRounds "11"]
[EventCountry "GEO"]
[SourceTitle "Ajedrez en Madrid"]
[Source "lmi"]
[SourceDate "2018.09.24"]
[WhiteTeam "Nigeria"]
[BlackTeam "Guyana"]
[WhiteTeamCountry "NGR"]
[BlackTeamCountry "GUY"]

1. Nf3 d5 2. d4 Nf6 3. e3 Bg4 4. Nbd2 Nc6 5. a3 e6 6. Be2 Bd6 7. b4 a6 8. Bb2
O-O 9. O-O b5 10. Ne5 Bxe2 11. Qxe2 Qe8 12. f4 Ne4 13. Rf3 f6 14. Nxc6 Nxd2 15.
Qxd2 Qxc6 16. Qd3 h6 17. Raf1 Rae8 18. Qg6 Rf7 19. Rg3 Kf8 20. Qd3 Ke7 21. Qh7
Ref8 22. Rxg7 Rxg7 23. Qxg7+ Ke8 24. Qg6+ Ke7 25. Rf3 Qe8 26. Qg7+ Kd8 27. Qxh6
Be7 28. Rh3 Kc8 29. Qh5 Qxh5 30. Rxh5 Rg8 31. Rh7 Kd8 32. Kf2 f5 33. Kf3 Bf6
34. Bc3 Rh8 35. Rxh8+ Bxh8 36. Be1 Bf6 37. g4 fxg4+ 38. Kxg4 Ke8 39. h4 Kf7 40.
h5 Kg7 41. Bh4 Bxh4 42. Kxh4 Kh6 43. Kg4 Kg7 44. Kg5 Kh7 45. h6 c6 46. Kf6 Kxh6
47. Kxe6 Kg6 48. f5+ Kg7 49. Ke7 Kg8 50. f6 1-0

[Event "43. Olimpiada Batumi 2018 Femenina"]
[Site "Batumi GEO"]
[Date "2018.09.25"]
[Round "2.1"]
[White "Bekheet, Suhailah"]
[Black "Raya, Alnaimat"]
[Result "0-1"]
[WhiteElo "1034"]
[BlackElo "1676"]
[PlyCount "72"]
[EventDate "2018.09.24"]
[EventType "team-swiss"]
[EventRounds "11"]
[EventCountry "GEO"]
[SourceTitle "Ajedrez en Madrid"]
[Source "lmi"]
[SourceDate "2018.09.24"]
[WhiteTeam "Kuwait"]
[BlackTeam "Jordan"]
[WhiteTeamCountry "KUW"]
[BlackTeamCountry "JOR"]

1. e4 d6 2. Nf3 g6 3. Nc3 Bg7 4. Bc4 Nf6 5. h3 O-O 6. O-O Nc6 7. d4 e5 8. Be3
Bd7 9. Qd2 Re8 10. d5 Ne7 11. Bg5 Rf8 12. Rae1 a6 13. Bh6 b5 14. Bd3 Ne8 15.
Nh4 Nxd5 16. Nxd5 c6 17. c4 cxd5 18. cxd5 f5 19. Nxg6 hxg6 20. f4 Bxh6 21. Rf3
Bxf4 22. Qf2 fxe4 23. Bxe4 Bf5 24. Bxf5 gxf5 25. g3 Qg5 26. Kg2 Nf6 27. Rh1 Ne4
28. h4 Nxf2 29. hxg5 Nxh1 30. Kxh1 Bxg5 31. Rc3 Rac8 32. Ra3 Rc2 33. Rxa6 Rxb2
34. Rxd6 Rc8 35. Rg6+ Kf7 36. Rxg5 Rc1# 0-1

[Event "43. Olimpiada Batumi 2018 Femenina"]
[Site "Batumi GEO"]
[Date "2018.09.25"]
[Round "2.2"]
[White "Razan, Alshaeby"]
[Black "Almeraj, Etedal"]
[Result "1-0"]
[WhiteElo "1712"]
[BlackElo "1062"]
[PlyCount "27"]
[EventDate "2018.09.24"]
[EventType "team-swiss"]
[EventRounds "11"]
[EventCountry "GEO"]
[SourceTitle "Ajedrez en Madrid"]
[Source "lmi"]
[SourceDate "2018.09.24"]
[WhiteTeam "Jordan"]
[BlackTeam "Kuwait"]
[WhiteTeamCountry "JOR"]
[BlackTeamCountry "KUW"]

1. e4 e5 2. d4 Nc6 3. Nf3 Bd6 4. Bc4 Qe7 5. O-O Nf6 6. Nc3 O-O 7. Bg5 a6 8. Nd5
Qd8 9. Nxf6+ gxf6 10. Bh6 Re8 11. Nxe5 fxe5 12. Qg4+ Qg5 13. Qxg5+ Kh8 14. Qg7#
1-0

[Event "43. Olimpiada Batumi 2018 Femenina"]
[Site "Batumi GEO"]
[Date "2018.09.25"]
[Round "2.3"]
[White "Alraqum, Shahad"]
[Black "Alattar, Ghayda M"]
[Result "0-1"]
[WhiteElo "1458"]
[BlackElo "1926"]
[PlyCount "68"]
[EventDate "2018.09.24"]
[EventType "team-swiss"]
[EventRounds "11"]
[EventCountry "GEO"]
[SourceTitle "Ajedrez en Madrid"]
[Source "lmi"]
[SourceDate "2018.09.24"]
[WhiteTeam "Kuwait"]
[BlackTeam "Jordan"]
[WhiteTeamCountry "KUW"]
[BlackTeamCountry "JOR"]

1. e4 g6 2. Nf3 d6 3. d4 Bg7 4. Nc3 c6 5. Be2 Nf6 6. Be3 O-O 7. O-O b5 8. a3 a6
9. b4 Qc7 10. Qd2 Rd8 11. Rac1 Bb7 12. Rfd1 Nbd7 13. Bd3 Rac8 14. Qe2 c5 15.
bxc5 dxc5 16. dxc5 Nxc5 17. Bxc5 Qxc5 18. Nb1 Nh5 19. c4 Nf4 20. Qf1 Nxd3 21.
Rxd3 Bxe4 22. Rxd8+ Rxd8 23. Nfd2 Bd3 24. Qe1 bxc4 25. Ne4 Qe5 26. Nbd2 c3 27.
Nxc3 Qxe1+ 28. Rxe1 Bxc3 29. Rd1 Be2 30. Re1 Rxd2 31. h3 Rd1 32. Rxd1 Bxd1 33.
Kf1 Bb2 34. Ke1 Ba4 0-1

[Event "43. Olimpiada Batumi 2018 Femenina"]
[Site "Batumi GEO"]
[Date "2018.09.25"]
[Round "2.4"]
[White "Boshra, Alshaeby"]
[Black "Alawadhi, Amenah"]
[Result "1-0"]
[WhiteElo "1979"]
[BlackElo "1374"]
[PlyCount "55"]
[EventDate "2018.09.24"]
[EventType "team-swiss"]
[EventRounds "11"]
[EventCountry "GEO"]
[SourceTitle "Ajedrez en Madrid"]
[Source "lmi"]
[SourceDate "2018.09.24"]
[WhiteTeam "Jordan"]
[BlackTeam "Kuwait"]
[WhiteTeamCountry "JOR"]
[BlackTeamCountry "KUW"]

1. e4 e6 2. d4 d5 3. Nd2 Nf6 4. e5 Nfd7 5. Ngf3 c5 6. c3 Nc6 7. Bd3 Be7 8. O-O
g5 9. dxc5 g4 10. Nd4 h5 11. Re1 Nxc5 12. N2b3 Qc7 13. Nb5 Qb8 14. Bf4 a6 15.
Nd6+ Bxd6 16. exd6 Nd7 17. Nc5 e5 18. Nxd7 Kxd7 19. Rxe5 Nxe5 20. Bxe5 Rh6 21.
Bf5+ Kd8 22. Qd2 Rxd6 23. Qg5+ Kc7 24. Qe7+ Kc6 25. Bxc8 Qc7 26. Qe8+ Kb6 27.
Bd4+ Ka5 28. b4# 1-0

[Event "43. Olimpiada Batumi 2018 Femenina"]
[Site "Batumi GEO"]
[Date "2018.09.25"]
[Round "2.1"]
[White "Nosimilo, Mkhonto"]
[Black "Mirza, Diana"]
[Result "0-1"]
[WhiteElo "1372"]
[BlackElo "1960"]
[PlyCount "90"]
[EventDate "2018.09.24"]
[EventType "team-swiss"]
[EventRounds "11"]
[EventCountry "GEO"]
[SourceTitle "Ajedrez en Madrid"]
[Source "lmi"]
[SourceDate "2018.09.24"]
[WhiteTeam "Swaziland"]
[BlackTeam "Ireland"]
[WhiteTeamCountry "SWA"]
[BlackTeamCountry "IRL"]

1. e4 d6 2. Nf3 Nf6 3. Nc3 g6 4. Bc4 Bg7 5. d3 O-O 6. O-O Nc6 7. Bg5 h6 8. Bh4
Na5 9. Bb3 Nxb3 10. axb3 c6 11. Qd2 g5 12. Bg3 Nh5 13. Qe3 c5 14. d4 g4 15. Nh4
cxd4 16. Qd3 dxc3 17. bxc3 Qc7 18. Qd5 Qc5 19. Qd3 Qxc3 20. Qe2 Nxg3 21. hxg3
Be6 22. Nf5 Bxf5 23. exf5 Qc5 24. Ra4 Qxf5 25. Rxg4 Rac8 26. Rf4 Qd7 27. Rd1 e5
28. Rh4 d5 29. Qh5 f5 30. Ra1 Qf7 31. Rxa7 Qxh5 32. Rxh5 Rxc2 33. Rxb7 d4 34.
Rd7 Rb2 35. Kf1 Rxb3 36. Ke2 e4 37. Kd2 Rb2+ 38. Kc1 Rxf2 39. Rh2 e3 40. Re7
Ra8 41. Kb1 d3 42. Rxg7+ Kxg7 43. Rh4 e2 44. Rc4 e1=Q+ 45. Rc1 Ra1+ 0-1

[Event "43. Olimpiada Batumi 2018 Femenina"]
[Site "Batumi GEO"]
[Date "2018.09.25"]
[Round "2.2"]
[White "Plaza Reino, Mercedes"]
[Black "Dlamini, Temahlubi Queen"]
[Result "1-0"]
[WhiteElo "1727"]
[BlackElo "1362"]
[PlyCount "53"]
[EventDate "2018.09.24"]
[EventType "team-swiss"]
[EventRounds "11"]
[EventCountry "GEO"]
[SourceTitle "Ajedrez en Madrid"]
[Source "lmi"]
[SourceDate "2018.09.24"]
[WhiteTeam "Ireland"]
[BlackTeam "Swaziland"]
[WhiteTeamCountry "IRL"]
[BlackTeamCountry "SWA"]

1. Nf3 e6 2. g3 d5 3. Bg2 h6 4. O-O Bd6 5. d4 Nf6 6. c4 b6 7. Nc3 c6 8. b3 Bb7
9. Qc2 Nbd7 10. Bb2 Qc7 11. Rac1 O-O 12. cxd5 exd5 13. Nb5 Qb8 14. Nxd6 Qxd6
15. Nh4 Nh7 16. Nf5 Qe6 17. Ba3 c5 18. b4 Rfc8 19. bxc5 bxc5 20. dxc5 Ndf6 21.
c6 Rc7 22. cxb7 Rxc2 23. bxa8=Q+ Ne8 24. Ne7+ Kh8 25. Qxe8+ Nf8 26. Qxf8+ Kh7
27. Qg8# 1-0

[Event "43. Olimpiada Batumi 2018 Femenina"]
[Site "Batumi GEO"]
[Date "2018.09.25"]
[Round "2.3"]
[White "Dlamini, Nosipho"]
[Black "Lowry-O`Reilly, Hannah"]
[Result "0-1"]
[WhiteElo "1239"]
[BlackElo "1716"]
[PlyCount "58"]
[EventDate "2018.09.24"]
[EventType "team-swiss"]
[EventRounds "11"]
[EventCountry "GEO"]
[SourceTitle "Ajedrez en Madrid"]
[Source "lmi"]
[SourceDate "2018.09.24"]
[WhiteTeam "Swaziland"]
[BlackTeam "Ireland"]
[WhiteTeamCountry "SWA"]
[BlackTeamCountry "IRL"]

1. d4 d5 2. e3 Nf6 3. Bd3 e6 4. f4 c5 5. c3 Nc6 6. Nf3 Bd6 7. O-O O-O 8. Nbd2
b6 9. Ne5 Qc7 10. Ndf3 cxd4 11. exd4 a5 12. Qc2 Ba6 13. Bxa6 Rxa6 14. Qd3 Raa8
15. g4 Bxe5 16. fxe5 Ne4 17. Ng5 Nxg5 18. Bxg5 Ne7 19. Rf3 h6 20. Bxe7 Qxe7 21.
Raf1 Qg5 22. Rf4 a4 23. Qb5 Qd8 24. a3 Ra5 25. Qc6 b5 26. b4 axb3 27. Qb7 Qe8
28. Qc6 Qxc6 29. Rxf7 Rxf7 0-1

[Event "43. Olimpiada Batumi 2018 Femenina"]
[Site "Batumi GEO"]
[Date "2018.09.25"]
[Round "2.1"]
[White "February, Jesse Nikki"]
[Black "Anandpara, Jayendra Saloni"]
[Result "1-0"]
[WhiteElo "1933"]
[BlackElo "1326"]
[PlyCount "79"]
[EventDate "2018.09.24"]
[EventType "team-swiss"]
[EventRounds "11"]
[EventCountry "GEO"]
[SourceTitle "Ajedrez en Madrid"]
[Source "lmi"]
[SourceDate "2018.09.24"]
[WhiteTeam "South Africa"]
[BlackTeam "Hong Kong"]
[WhiteTeamCountry "RSA"]
[BlackTeamCountry "HKG"]

1. e4 c5 2. Nf3 d6 3. d4 cxd4 4. Nxd4 Nf6 5. Nc3 e5 6. Nb3 a6 7. a4 Be7 8. Be2
Be6 9. Be3 Nbd7 10. O-O O-O 11. Kh1 Rc8 12. f4 Qc7 13. Nd2 Nb6 14. f5 Bc4 15.
Bxb6 Bxe2 16. Bxc7 Bxd1 17. Bxd6 Bxd6 18. Raxd1 Bb4 19. Ndb1 Rc4 20. Rd3 Nxe4
21. Nxe4 Rxe4 22. c3 Ba5 23. b4 Rd8 24. Rxd8+ Bxd8 25. h3 Bh4 26. Nd2 Re1 27.
Rxe1 Bxe1 28. Ne4 f6 29. Kg1 Bh4 30. g3 Bg5 31. Nxg5 fxg5 32. Kf2 Kf7 33. Ke3
Kf6 34. Ke4 g6 35. fxg6 hxg6 36. c4 b6 37. c5 bxc5 38. bxc5 Ke6 39. c6 Kd6 40.
c7 1-0

[Event "43. Olimpiada Batumi 2018 Femenina"]
[Site "Batumi GEO"]
[Date "2018.09.25"]
[Round "2.2"]
[White "Leung, Hoi Ting"]
[Black "Fisher, Michelle M"]
[Result "0-1"]
[WhiteElo "1284"]
[BlackElo "1707"]
[PlyCount "110"]
[EventDate "2018.09.24"]
[EventType "team-swiss"]
[EventRounds "11"]
[EventCountry "GEO"]
[SourceTitle "Ajedrez en Madrid"]
[Source "lmi"]
[SourceDate "2018.09.24"]
[WhiteTeam "Hong Kong"]
[BlackTeam "South Africa"]
[WhiteTeamCountry "HKG"]
[BlackTeamCountry "RSA"]

1. e4 c5 2. Nf3 d6 3. d4 cxd4 4. Nxd4 Nf6 5. Nc3 g6 6. Bd3 Bg7 7. Be3 O-O 8.
Qd2 Ng4 9. O-O Nxe3 10. fxe3 Nc6 11. Bc4 Nxd4 12. exd4 Qb6 13. Kh1 Qxd4 14.
Qxd4 Bxd4 15. Nd5 e6 16. Nc7 Rb8 17. c3 Be5 18. Nb5 a6 19. Nd4 Bd7 20. Nf3 Bc6
21. Rfe1 b5 22. Bb3 b4 23. Nxe5 dxe5 24. Rac1 Rfc8 25. cxb4 Rxb4 26. Rc3 Bb7
27. Ree3 Rxc3 28. bxc3 Rxe4 29. Rxe4 Bxe4 30. Bc4 Bd5 31. Bxa6 Bxa2 32. Kg1 Kf8
33. Kf2 Ke7 34. Ke3 Kd6 35. g3 f5 36. h4 Kc5 37. Be2 h6 38. Bd3 g5 39. hxg5
hxg5 40. Be2 Bc4 41. Bd1 e4 42. g4 Bd3 43. gxf5 exf5 44. Bh5 f4+ 45. Kd2 Bc4
46. Bg6 e3+ 47. Kd1 f3 48. Bh5 f2 49. Be2 Bxe2+ 50. Kxe2 g4 51. Kf1 g3 52. Ke2
g2 53. Kxe3 g1=Q 54. c4 f1=Q+ 55. Kd2 Qf3 0-1

[Event "43. Olimpiada Batumi 2018 Femenina"]
[Site "Batumi GEO"]
[Date "2018.09.25"]
[Round "2.3"]
[White "Selkirk, Rebecca"]
[Black "Ng, Sau Wai"]
[Result "1-0"]
[WhiteElo "1733"]
[BlackElo "1222"]
[PlyCount "83"]
[EventDate "2018.09.24"]
[EventType "team-swiss"]
[EventRounds "11"]
[EventCountry "GEO"]
[SourceTitle "Ajedrez en Madrid"]
[Source "lmi"]
[SourceDate "2018.09.24"]
[WhiteTeam "South Africa"]
[BlackTeam "Hong Kong"]
[WhiteTeamCountry "RSA"]
[BlackTeamCountry "HKG"]

1. e4 e6 2. d4 d5 3. Nc3 Nf6 4. e5 Nfd7 5. Nce2 c5 6. c3 Nc6 7. f4 cxd4 8. cxd4
Be7 9. Nf3 h6 10. g3 Nb6 11. Bh3 Bd7 12. b3 Qc7 13. Bd2 Nb4 14. O-O O-O 15. Ne1
Rac8 16. Bxb4 Bxb4 17. Nd3 Be7 18. g4 Qd8 19. f5 f6 20. Nef4 exf5 21. e6 Be8
22. gxf5 Bd6 23. Re1 Rc7 24. Bg2 Be7 25. Qg4 Kh7 26. Bf3 Rg8 27. Ng6 Nc8 28.
Ndf4 Nb6 29. Qg2 Bc6 30. Nxe7 Rxe7 31. Ng6 Ree8 32. e7 Qd6 33. Nf8+ Rexf8 34.
exf8=Q Rxf8 35. Bh5 Qf4 36. Bg6+ Kg8 37. Rad1 Bd7 38. Re7 Qg5 39. Rd2 Qxg2+ 40.
Rxg2 Bc6 41. Bh7+ Kh8 42. Rexg7 1-0

[Event "43. Olimpiada Batumi 2018 Femenina"]
[Site "Batumi GEO"]
[Date "2018.09.25"]
[Round "2.4"]
[White "Lam, Ka Yan"]
[Black "Van Zyl, Charlize"]
[Result "1/2-1/2"]
[WhiteElo "1182"]
[BlackElo "1664"]
[PlyCount "138"]
[EventDate "2018.09.24"]
[EventType "team-swiss"]
[EventRounds "11"]
[EventCountry "GEO"]
[SourceTitle "Ajedrez en Madrid"]
[Source "lmi"]
[SourceDate "2018.09.24"]
[WhiteTeam "Hong Kong"]
[BlackTeam "South Africa"]
[WhiteTeamCountry "HKG"]
[BlackTeamCountry "RSA"]

1. d4 Nf6 2. Nc3 d5 3. e3 Bf5 4. Nf3 e6 5. Bd3 Bg6 6. Ne5 Nbd7 7. Nxg6 hxg6 8.
e4 dxe4 9. Nxe4 Nxe4 10. Bxe4 c6 11. c3 Qc7 12. g3 Nf6 13. Bf3 O-O-O 14. Qe2
Bd6 15. Bg5 Rde8 16. O-O-O e5 17. Qc2 Qa5 18. Kb1 e4 19. Bxf6 exf3 20. Bxg7 Rh7
21. Be5 Bxe5 22. dxe5 Qxe5 23. Qd3 Qd5 24. Qxd5 cxd5 25. Rd3 f5 26. Rxf3 Rh3
27. Re3 Reh8 28. f4 Kc7 29. Re7+ Kc8 30. Rg7 Rxg3 31. hxg3 Rxh1+ 32. Kc2 Rh2+
33. Kb3 Rh6 34. a4 a5 35. Ka3 b6 36. b3 Kd8 37. Rb7 g5 38. Rf7 gxf4 39. gxf4
Rh5 40. Rf6 Kc7 41. Kb2 Rh2+ 42. Kc1 Rf2 43. Rxf5 Kc6 44. Rf6+ Kc5 45. Rf5 Kc6
46. Rf6+ Kc5 47. Rf8 Kd6 48. f5 Rf1+ 49. Kc2 Rf2+ 50. Kd3 Rb2 51. Re8 Rf2 52.
Re6+ Kc5 53. Re5 Kd6 54. Re6+ Kc5 55. f6 Rf3+ 56. Kc2 Rf2+ 57. Kd3 Rf3+ 58. Kc2
Rf2+ 59. Kb1 Rf1+ 60. Kb2 Rf2+ 61. Ka3 Rf3 62. Kb2 Rf2+ 63. Kc1 Rf1+ 64. Kd2
Rf2+ 65. Ke3 Rf1 66. Ke2 Rf4 67. Ke3 Rf1 68. Kd3 Rf3+ 69. Kd2 Rf2+ 1/2-1/2

[Event "43. Olimpiada Batumi 2018 Femenina"]
[Site "Batumi GEO"]
[Date "2018.09.25"]
[Round "2.1"]
[White "Kollari, Hafife"]
[Black "Castillo Pena, Patricia Evarista"]
[Result "0-1"]
[WhiteElo "1437"]
[BlackElo "1810"]
[PlyCount "74"]
[EventDate "2018.09.24"]
[EventType "team-swiss"]
[EventRounds "11"]
[EventCountry "GEO"]
[SourceTitle "Ajedrez en Madrid"]
[Source "lmi"]
[SourceDate "2018.09.24"]
[WhiteTeam "Kosovo"]
[BlackTeam "Dominican Republic"]
[WhiteTeamCountry "KOS"]
[BlackTeamCountry "DOM"]

1. e4 c5 2. Nf3 d6 3. d4 cxd4 4. Nxd4 Nf6 5. Nc3 a6 6. Bd3 e5 7. Nf3 Be7 8. Bg5
Be6 9. Qc1 Nbd7 10. O-O O-O 11. h3 Rc8 12. Ne2 Nc5 13. Qe3 Qc7 14. c3 Qc6 15.
Bxf6 Bxf6 16. Ng3 Nxd3 17. Qxd3 Bc4 18. Qe3 Bxf1 19. Nxf1 b5 20. Ng3 g6 21. Qh6
Bg7 22. Qh4 b4 23. Rc1 bxc3 24. Rxc3 Qb6 25. Rb3 Rc1+ 26. Nf1 Qc7 27. g4 Rb8
28. Rxb8+ Qxb8 29. Qe7 h6 30. Kg2 Rc2 31. N1d2 Bf8 32. Qf6 Qxb2 33. g5 Rxd2 34.
Nxd2 Qxd2 35. gxh6 Qxh6 36. Qd8 Qd2 37. a4 Qc2 0-1

[Event "43. Olimpiada Batumi 2018 Femenina"]
[Site "Batumi GEO"]
[Date "2018.09.25"]
[Round "2.2"]
[White "Hazim Gonzalez, Elizabeth"]
[Black "Saraci, Ndriqona"]
[Result "1-0"]
[WhiteElo "1748"]
[BlackElo "1263"]
[PlyCount "133"]
[EventDate "2018.09.24"]
[EventType "team-swiss"]
[EventRounds "11"]
[EventCountry "GEO"]
[SourceTitle "Ajedrez en Madrid"]
[Source "lmi"]
[SourceDate "2018.09.24"]
[WhiteTeam "Dominican Republic"]
[BlackTeam "Kosovo"]
[WhiteTeamCountry "DOM"]
[BlackTeamCountry "KOS"]

1. e4 c5 2. Nc3 e6 3. g3 a6 4. Bg2 Qc7 5. Nge2 Nf6 6. d3 Be7 7. O-O O-O 8. h3
Rd8 9. f4 Ra7 10. e5 Ne8 11. Be3 d5 12. exd6 Bxd6 13. Qe1 Nc6 14. a3 b5 15. Ne4
Ne7 16. Qf2 Bb7 17. Nxd6 Nxd6 18. Bxc5 Raa8 19. Bxb7 Qxb7 20. Bxd6 Rxd6 21. Qf3
Qxf3 22. Rxf3 Rc8 23. c3 h6 24. Nd4 Nc6 25. Nxc6 Rcxc6 26. Kf2 a5 27. Ke2 Rd8
28. Re3 f6 29. Re4 Rcd6 30. Rd1 Kf7 31. g4 g5 32. fxg5 hxg5 33. d4 Rh8 34. Rd3
Rdd8 35. Rde3 Rd6 36. b3 Rc8 37. Rd3 Rdc6 38. Kd2 Rd6 39. Re1 Rd7 40. Rc1 Rdc7
41. Rh1 Rh8 42. h4 gxh4 43. Rdh3 Kg6 44. Rxh4 Rxh4 45. Rxh4 Rb7 46. Rh1 Kg5 47.
Re1 Rb6 48. Re4 Rc6 49. Kd3 Kh4 50. c4 bxc4+ 51. bxc4 Rb6 52. Kc2 a4 53. d5
exd5 54. cxd5 Rd6 55. Rd4 Kg5 56. Kc3 f5 57. gxf5 Kxf5 58. Kb4 Ke5 59. Kc5 Rd8
60. Rd1 Rc8+ 61. Kb6 Kd6 62. Kb5 Rc5+ 63. Kxa4 Rxd5 64. Rxd5+ Kxd5 65. Kb5 Kd6
66. Kb6 Kd7 67. Kb7 1-0

[Event "43. Olimpiada Batumi 2018 Femenina"]
[Site "Batumi GEO"]
[Date "2018.09.25"]
[Round "2.3"]
[White "Saraci, Rinesa"]
[Black "Rosario Almanzar, Raydily"]
[Result "0-1"]
[WhiteElo "1138"]
[BlackElo "1755"]
[PlyCount "74"]
[EventDate "2018.09.24"]
[EventType "team-swiss"]
[EventRounds "11"]
[EventCountry "GEO"]
[SourceTitle "Ajedrez en Madrid"]
[Source "lmi"]
[SourceDate "2018.09.24"]
[WhiteTeam "Kosovo"]
[BlackTeam "Dominican Republic"]
[WhiteTeamCountry "KOS"]
[BlackTeamCountry "DOM"]

1. e4 e5 2. Nf3 Nc6 3. Bc4 Be7 4. d3 Nf6 5. O-O d6 6. h3 h6 7. Nc3 Be6 8. Bb3
Qd7 9. Be3 O-O-O 10. Qd2 g5 11. Bxe6 fxe6 12. d4 exd4 13. Nxd4 Rdg8 14. Nxc6
Qxc6 15. f3 Rh7 16. Rad1 Rhg7 17. Qd4 b6 18. e5 dxe5 19. Qxe5 h5 20. Ne4 Nxe4
21. Qxe4 Qxe4 22. fxe4 g4 23. hxg4 Rxg4 24. g3 Rxg3+ 25. Kf2 Rg2+ 26. Ke1 Rxc2
27. Rd2 Bb4 28. Kd1 Bxd2 29. Kxc2 Bxe3 30. Kd3 Bc5 31. Rf6 Kd7 32. Kc4 h4 33.
Rh6 Be7 34. Kd4 Rh8 35. Rg6 h3 36. Rg1 Bc5+ 37. Kd3 Bxg1 0-1

[Event "43. Olimpiada Batumi 2018 Femenina"]
[Site "Batumi GEO"]
[Date "2018.09.25"]
[Round "2.1"]
[White "Barria Baker, Raisa Melissa"]
[Black "Johnson, Daijah"]
[Result "1-0"]
[WhiteElo "1962"]
[BlackElo "1452"]
[PlyCount "61"]
[EventDate "2018.09.24"]
[EventType "team-swiss"]
[EventRounds "11"]
[EventCountry "GEO"]
[SourceTitle "Ajedrez en Madrid"]
[Source "lmi"]
[SourceDate "2018.09.24"]
[WhiteTeam "Panama"]
[BlackTeam "Bahamas"]
[WhiteTeamCountry "PAN"]
[BlackTeamCountry "BAH"]

1. d4 Nf6 2. Nf3 g6 3. c4 Bg7 4. g3 d6 5. Bg2 O-O 6. O-O c5 7. d5 e6 8. Nc3 a6
9. a4 Qc7 10. e4 e5 11. Nh4 h6 12. Bd2 g5 13. Nf3 Nh7 14. h4 Bg4 15. Qc1 Bxf3
16. Bxf3 Qe7 17. hxg5 Nxg5 18. Bg4 Nxe4 19. Nxe4 f5 20. Bh3 fxe4 21. Bxh6 Nd7
22. Be6+ Kh7 23. Bxg7 Kxg7 24. Bxd7 Qxd7 25. Qg5+ Kf7 26. f4 Ke8 27. fxe5 Qe7
28. Rxf8+ Qxf8 29. Rf1 Qh8 30. Qg6+ Kd7 31. Qxd6+ 1-0